| 000 | 00649nam a2200229 a 4500 | ||
|---|---|---|---|
| 008 | |||
| 020 | _a0907135730 (pbk.) | ||
| 049 | _aMAIN | ||
| 090 |
_aHG2994 _bFAR |
||
| 100 | 1 | _aFardon, Michael | |
| 245 | 1 | 0 |
_aBanking : _bthe legal environment / _cMichael Fardon. |
| 260 |
_aWorcester : _bNorthwick, _c1990. |
||
| 300 |
_a230 p. ; _c24 cm. |
||
| 440 | 0 | _aNorthwick banking certificate series. | |
| 500 | _aIncludes index. | ||
| 650 | 0 |
_aBanking law _zGreat Britain. |
|
| 907 |
_a.b10062786 _b04-04-22 _c17-04-03 |
||
| 003 | |||
| 005 | 20230120144450.0 | ||
| 040 | _cNUST | ||
| 942 |
_cBOOKS _kHG2994 _mFAR |
||
| 999 |
_c97337 _d97337 |
||